000 00300nam a22001217a 4500
008 180522b xxu||||| |||| 00| 0 eng d
041 _aeng
080 _a043.3
100 _a0
101 _aSHKI-BA
245 _aKrahasimi i gjuheve paralele programuese ne Bioinformatike
_cZuka, A
942 _2udc
_cBK
999 _c46147
_d46147